000 00650nam a22002177a 4500
003 UA-OsUOA
001 61567
007 ta
008 20090707b un ||||| |||| 00| 0 ukr d
100 _aЦіпан О.Я.
090 _a330(477)
_bЦ75
942 _cSA
040 _aUA-OsUOA
_bukr
_cUA-OsUOA
_dUA-OsUOA
245 _aОсовні аспекти і проблеми розвитку бенчмаркінгу в Україні
300 _aС.9-11
955 _a0
041 _aukr
080 _a330(477)
773 0 _w61565
_tЕкономіка. Фінанси. Право.
_dК.
_d2009
_g5
650 7 _a330 Економіка взагалі
_2UDC
999 _c347101
_d347101